000 00424nam a2200181Ia 4500
001 11133
005 20260306161923.0
008 260306t1967||||xx |||||||||||||| ||spa||
041 _aESP
082 _a985.009
_bR14
100 _aBenzoni, Jerónimo
_eAUT
245 0 _aLa historia del mundo nuevo
260 _c1967
300 _a77 páginas :
_c21 cm.
650 _aGEN
654 _aCHU
942 _cLIB
_dJUS
_fJUS
_2ddc
_n
999 _c11133
_d11133